000 01005nmc a2200349 a 4500
003 AR-BaBNM
005 20251128204339.0
008 168019s1993 ||||||||||||||000 | spa||
020 _a950-12-7791-1
040 _cAR-BaBNM
100 1 _aRex González, Alberto
245 1 0 _aArgentina indígena
_bvísperas de la conquista
260 _aBuenos Aires
_bPaidós
_c1993
300 0 _a172 p.
_bmapas, láms.
490 0 _aHistoria argentina
_vv. 1
500 0 _aIndíces analíticos p. 157-172
504 _aBibliografía para consultar p. 153-155
650 4 _aHISTORIA ARGENTINA
650 4 _aSIGLO DIECINUEVE
650 4 _aCONQUISTA DEL CHACO
650 4 _aCONQUISTA DEL RIO DE LA PLATA
650 4 _aABORIGENES ARGENTINOS
650 4 _aPRISIONEROS
650 4 _aARQUEOLOGIA
650 4 _aFOLKLORE
650 4 _aARTE PREHISTORICO
650 4 _aHOMBRE PREHISTORICO
700 1 _aPérez, José A.
800 1 _aHalperín Donghi, Tulio
_edirector
942 _cBK
998 _cMariana
999 _c7105
_d7105